| 000 | 00364 a2200157 4500 | ||
|---|---|---|---|
| 999 |
_c12796 _d12796 |
||
| 003 | OSt | ||
| 005 | 20240708164913.0 | ||
| 008 | 240708b ||||| |||| 00| 0 eng d | ||
| 020 | _a9780262516051 | ||
| 082 | _a [720.952] | ||
| 100 | _aArata Isozaki | ||
| 245 | _aJapan-ness in Architecture | ||
| 260 |
_b The MIT Press _c2011 |
||
| 300 | _a349p; | ||
| 942 | _2ddc | ||